| 000 | 00566 a2200181 4500 | ||
|---|---|---|---|
| 999 |
_c183407 _d183407 |
||
| 005 | 20211224120456.0 | ||
| 010 | _aENG-130597 | ||
| 020 |
_a978-93-91211-02-8 _c2995.00 |
||
| 035 | _aEN-114129 | ||
| 037 | _bDBAD/PUB | ||
| 082 | _a345.40822 | ||
| 100 | _aSingh, G P | ||
| 245 |
_aPrinciples of Statutory Interpretation: _cG P Singh |
||
| 260 |
_aHaryana _bLexis Nexis _c2021 |
||
| 270 |
_a14th Floor, Building No. 10, Tower-B, DLF Cyber City, Phase-II _bGurgaon _e122002 |
||
| 300 |
_a854p. _c24cm (hbk) |
||
| 942 |
_adpl _cEN _2ddc _h345.40822 _mSIN |
||